000 00665nam a22001937a 4500
005 20251108165327.0
008 250721s1981 xx 000 0 ara d
082 1 4 _a636/محم
100 1 _aدرويش، محمد يحيى حسين
245 1 0 _aالثروة الحيوانية في الدول العربية و المناطق الصحراوية /
264 1 _aالقاهرة :
_bدار المعارف،
_c1981.
300 _a365ص
650 1 7 _aالحيوانات المستأنسة
650 1 7 _aالمواشي
650 1 7 _aالحيوانات الزراعية
700 1 _aفيظي، صلاح الدين أحمد
942 _2ddc
_cBK
999 _c25192
_d25192